| 000 | 01354cam a2200313 a 4500 | ||
|---|---|---|---|
| 001 | 13760986 | ||
| 003 | ARRUPE | ||
| 005 | 20211008112928.0 | ||
| 008 | 041025r20041998nyub 000 0 eng | ||
| 010 | _a 2004559125 | ||
| 020 | _a0312243359 (pbk.) | ||
| 040 |
_aDLC _cDLC _dDLC |
||
| 043 | _af-rw--- | ||
| 050 | 0 | 0 |
_aDT450.435 _b.G68 2004 |
| 082 | 0 | 0 |
_a364.15/1/0967571 _222 |
| 100 | 1 |
_aGourevitch, Philip, _d1961- _950386 |
|
| 245 | 1 | 0 |
_aWe wish to inform you that tomorrow we will be killed with our families : _bstories from Rwanda / _cPhilip Gourevitch. |
| 260 |
_aNew York : _bPicador/Farrar, Straus, and Giroux : _bDistributed by Holtzbrinck Publishers, _c[2004], c1998. |
||
| 300 |
_a355 p. : _bmaps ; _c21 cm. |
||
| 500 | _aOriginally published: New York : Farrar, Straus, and Giroux, 1998. | ||
| 650 | 0 |
_aGenocide _zRwanda. _92467 |
|
| 651 | 0 |
_aRwanda _xPolitics and government. _99761 |
|
| 651 | 0 |
_aRwanda _xEthnic relations. |
|
| 856 | 4 | 2 |
_3Contributor biographical information _uhttp://www.loc.gov/catdir/bios/hol054/2004559125.html |
| 856 | 4 | 2 |
_3Publisher description _uhttp://www.loc.gov/catdir/description/hol054/2004559125.html |
| 906 |
_a7 _bcbc _corigcop _d1 _encip _f20 _gy-gencatlg |
||
| 942 |
_2lcc _cMONOGRAPH |
||
| 999 |
_c130743 _d130743 |
||